[Event "Sachsen-ch U14 Girls"]
[Site "Sebnitz"]
[Date "2007.04.13"]
[Round "5"]
[White "Piotraschke, Lena"]
[Black "Schoenherr, Lisa"]
[Result "1-0"]
[WhiteElo "1517"]
[BlackElo "1236"]
[PlyCount "133"]
[EventDate "2007.04.10"]
[EventType "swiss"]
[EventRounds "7"]
[EventCountry "GER"]
[SourceTitle "EXT 2008"]
[Source "ChessBase"]
[SourceDate "2007.11.25"]
[SourceVersion "1"]
[SourceVersionDate "2007.11.25"]
[SourceQuality "1"]

1. e4 e5 2. Nf3 Nc6 3. Bb5 Nf6 4. 0-0 d6 5. Re1 Bd7 6. c3 Be7 7. d4 exd4 8. cxd4 0-0 9. Nc3 Re8 10. Bg5 h6 11. Bd2 a6 12. Ba4 b5 13. Bb3 Rb8 14. Nd5 Bg4 15. Nxf6+ Bxf6 16. h3 Bxf3 17. Qxf3 Nxd4 18. Qd3 c5 19. Bd1 Rb7 20. Bc3 Rd7 21. Bg4 Rb7 22. Bf3 Nxf3+ 23. Qxf3 Bxc3 24. Qxc3 Rbe7 25. f3 Re5 26. Rad1 R8e6 27. Qc2 Qb6 28. Kh1 d5 29. Re2 d4 30. b3 Qc6 31. Kh2 g5 32. Rc1 Qc7 33. Kg1 Rd6 34. Rd2 Kg7 35. Qd1 Kg6 36. Rxd4 Rxd4 37. Qxd4 cxd4 38. Rxc7 f6 39. Rc6 a5 40. Rd6 Rc5 41. Rxd4 Rc2 42. Rd5 Rxa2 43. Rxb5 a4 44. bxa4 Rxa4 45. Rb6 Kf7 46. Rb7+ Kg6 47. Rd7 Rc4 48. Kf2 Ra4 49. Ke2 Ra2+ 50. Rd2 Ra3 51. g4 Rb3 52. Kf2 Ra3 53. Kg3 Rb3 54. Rf2 Ra3 55. h4 Re3 56. hxg5 hxg5 57. Rf1 Re2 58. Rf2 Re3 59. Rc2 Rd3 60. Kf2 Rd6 61. Re2 Re6 62. Re3 Re5 63. Kg3 Rc5 64. f4 gxf4+ 65. Kxf4 Re5 66. Rd3 Rg5 67. Rd5 1-0

[Event "Sachsen-ch U12 Girls"]
[Site "Sebnitz"]
[Date "2006.04.21"]
[Round "7"]
[White "Osmanodja, Filiz"]
[Black "Schoenherr, Lisa"]
[Result "1-0"]
[WhiteElo "1612"]
[BlackElo "930"]
[PlyCount "59"]
[EventDate "2006.04.18"]
[EventType "swiss"]
[EventRounds "7"]
[EventCountry "GER"]
[SourceTitle "EXT 2007"]
[Source "ChessBase"]
[SourceDate "2006.11.23"]
[SourceVersion "1"]
[SourceVersionDate "2006.11.23"]
[SourceQuality "1"]

1. e4 e5 2. Nf3 Nc6 3. Bb5 d6 4. d4 exd4 5. Nxd4 Bd7 6. 0-0 a6 7. Bxc6 Bxc6 8. Nxc6 bxc6 9. c4 Nf6 10. Nc3 Be7 11. f4 0-0 12. Qf3 Qd7 13. h3 Ne8 14. Rd1 Qe6 15. b3 f6 16. Ne2 c5 17. Bb2 Rd8 18. f5 Qc8 19. Nf4 Rd7 20. Qd3 c6 21. Ne6 Rf7 22. Nxc5 Rd8 23. Ne6 Rd7 24. Qg3 Nc7 25. Ba3 Ne8 26. Rd3 a5 27. Rad1 c5 28. Nxc5 Ra7 29. Na4 Rd7 30. Nb6 1-0

[Event "Sachsen-ch U12 Girls"]
[Site "Sebnitz"]
[Date "2006.04.21"]
[Round "6"]
[White "Schiffer, Katharina"]
[Black "Schoenherr, Lisa"]
[Result "0-1"]
[WhiteElo "1043"]
[BlackElo "930"]
[PlyCount "82"]
[EventDate "2006.04.18"]
[EventType "swiss"]
[EventRounds "7"]
[EventCountry "GER"]
[SourceTitle "EXT 2007"]
[Source "ChessBase"]
[SourceDate "2006.11.23"]
[SourceVersion "1"]
[SourceVersionDate "2006.11.23"]
[SourceQuality "1"]

1. c4 c5 2. Nc3 b6 3. e4 Bb7 4. d3 d6 5. Nge2 Nf6 6. g3 Nbd7 7. Bg2 e5 8. 0-0 Be7 9. f4 0-0 10. a3 a5 11. Bd2 h6 12. Nd5 Nxd5 13. cxd5 Rc8 14. fxe5 Nxe5 15. Nf4 Ba6 16. Bc3 Bg5 17. Bxe5 dxe5 18. Ne2 Be3+ 19. Kh1 c4 20. d4 exd4 21. Nxd4 c3 22. Re1 cxb2 23. Rb1 Rc3 24. Bf1 Bxf1 25. Rxf1 Bxd4 26. Qxd4 Qc7 27. Qg1 Rc2 28. Rf2 Rc1 29. Rf1 Rxb1 30. Rxb1 Qc2 31. Qe1 Rc8 32. d6 Kf8 33. d7 Rd8 34. Rd1 Ke7 35. e5 Rxd7 36. Rb1 Rd2 37. Qg1 Rxh2+ 38. Qxh2 Qxb1+ 39. Kg2 Qc2+ 40. Kh3 Qxh2+ 41. Kxh2 b1Q 0-1